MARC details
| 000 -LEADER |
| campo de control de longitud fija |
03483nam a2200421 i 4500 |
| 001 - NÚMERO DE CONTROL |
| campo de control |
155388 |
| 003 - IDENTIFICADOR DE NÚMERO DE CONTROL |
| campo de control |
ES-MaACL |
| 005 - FECHA Y HORA DE LA ÚLTIMA TRANSACCIÓN |
| campo de control |
20250830063107.0 |
| 008 - DATOS DE LONGITUD FIJA--INFORMACIÓN GENERAL |
| campo de control de longitud fija |
931025e1789 sp |r 001 0 spa |
| 040 ## - FUENTE DE CATALOGACIÓN |
| Centro/agencia transcriptor |
ES-MaACL |
| 080 ## - NÚMERO DE LA CLASIFICACIÓN DECIMAL UNIVERSAL |
| Número de la Clasificación Decimal Universal |
572 |
| 080 ## - NÚMERO DE LA CLASIFICACIÓN DECIMAL UNIVERSAL |
| Número de la Clasificación Decimal Universal |
113/119 |
| 080 ## - NÚMERO DE LA CLASIFICACIÓN DECIMAL UNIVERSAL |
| Número de la Clasificación Decimal Universal |
57"17" |
| 080 ## - NÚMERO DE LA CLASIFICACIÓN DECIMAL UNIVERSAL |
| Número de la Clasificación Decimal Universal |
37"17" |
| 100 1# - ENTRADA PRINCIPAL--NOMBRE DE PERSONA |
| Nombre de persona |
Hervás, Lorenzo, |
| Fechas asociadas al nombre |
1735-1809 |
| Término indicativo de función/relación |
Autor |
| 9 (RLIN) |
63423 |
| 245 10 - MENCIÓN DEL TÍTULO |
| Título |
Historia de la vida del hombre. |
| Número de parte o sección de la obra |
Tomo primero. |
| Nombre de parte o sección de la obra |
Concepción, Nacimiento, Infancia y Niñez del Hombre / |
| Mención de responsabilidad, etc. |
su autor el abate don Lorenzo Hervás y Panduro, Sócio de la Real Académia de las Ciencias y Antigüedades de Dublin, y de la Etrusca de Cortona |
| 246 1# - FORMA VARIANTE DEL TITULO |
| Título propio/Titulo breve |
Concepción, nacimiento, infancia y niñez del hombre |
| 260 ## - PUBLICACIÓN, DISTRIBUCIÓN, ETC. |
| Lugar de publicación, distribución, etc. |
Madrid : |
| Nombre del editor, distribuidor, etc. |
en la imprenta de Aznar, |
| Fecha de publicación, distribución, etc. |
1789 |
| 300 ## - DESCRIPCIÓN FÍSICA |
| Extensión |
[8], XV-XXXII, 379 páginas, [1] en blanco ; |
| Dimensiones |
4º |
| 500 ## - NOTA GENERAL |
| Nota general |
Índice |
| 505 0# - NOTA DE CONTENIDO CON FORMATO |
| Nota de contenido con formato |
Concepcion del Hombre, y su estado basta su nacimiento: Carácter, ó breve idea del Hombre; Concepcion del Hombre; Formación de varios fetos; quál de estos sea el primogénito; y si es posible la superfetacion; Tiempo que el feto humano se detiene en el seno materno; Abortos; Alimento y respiración del feto en el seno materno; Descripcion del feto en el seno materno; Conducta de vida que debe observar la muger que está en cinta. Bautismo del feto antes de nacer; Infancia del Hombre: Nacimiento del Hombre. Casas de parto, y de niños expósitos. Providencia admirable de la proporción en el número de varones y de hembras; Sobre la semejanza ú desemejanza de los hijos á sus padres; Monstruos humanos; No consta que en la especie humana haya habido hermafrodíta alguno; Mortandad de infantes; conducta que se debe tener con ellos desde su nacimiento hasta el tercer mes de su edad; Tiempo en que el infante empieza á manifestar su racionalidad; salida de sus primeros dientes; y conducta en criarle desde el quarto mes de su vida hasta los dos años de su edad; Tiempo en que el infante empieza á hablar; si hay idióma natural al Hombre; y sobre la diversidad de idiómas; Enfermedades del infante; Educacion del hombre en todo el tiempo de la infancia; Niñéz del hombre: Educacion del hombre en la niñéz; Sobre la educación privada ó pública del Hombre en la niñéz; Si se debe usar el castigo con los niños; y de algunos medios suaves para empeñarlos en el cumplimiento de sus deberes; De los exercicios propios de la niñéz, en las horas de recreación; Habilidades caballerescas que deben aprender los niños de familias nobles, ó civiles acomodadas; Educacion de la muger en su niñéz |
| 530 ## - NOTA DISPONIBLE DE FORMULARIO FÍSICO ADICIONAL |
| Nota de formato físico adicional disponible |
Disponible en formato digital |
| 596 ## - NOTA DE PIE DE IMPRENTA |
| Nota |
Marca tipográfica en portada |
| 597 ## - NOTA A LA DESCRIPCION FISICA |
| Nota |
Sign.: [ ]4, e4, A-Z4, 2A-AZ4, 3A4, 3B2. |
| 597 ## - NOTA A LA DESCRIPCION FISICA |
| Nota |
Anteportada |
| 599 ## - NOTA A LAS ILUSTRACIONES |
| Nota |
La h. de grab. calc.: "Rome Dominic Cardelli del." es retrato del autor. |
| 650 #4 - PUNTO DE ACCESO ADICIONAL DE MATERIA--TÉRMINO DE MATERIA |
| Término de materia o nombre geográfico como elemento de entrada |
Hombre |
| 9 (RLIN) |
13451 |
| 650 #4 - PUNTO DE ACCESO ADICIONAL DE MATERIA--TÉRMINO DE MATERIA |
| Término de materia o nombre geográfico como elemento de entrada |
Antropología filosófica- |
| Subdivisión de forma |
Obras anteriores a 1800 |
| 9 (RLIN) |
147426 |
| 650 #4 - PUNTO DE ACCESO ADICIONAL DE MATERIA--TÉRMINO DE MATERIA |
| Término de materia o nombre geográfico como elemento de entrada |
Biología- |
| Subdivisión de forma |
Obras anteriores a 1800 |
| 9 (RLIN) |
157398 |
| 650 #4 - PUNTO DE ACCESO ADICIONAL DE MATERIA--TÉRMINO DE MATERIA |
| Término de materia o nombre geográfico como elemento de entrada |
Educación- |
| Subdivisión de forma |
Obras anteriores a 1800 |
| 9 (RLIN) |
12084 |
| 700 1# - ENTRADA AGREGADA--NOMBRE PERSONAL |
| Nombre de persona |
Aznar, Pantaleón, |
| Fechas asociadas al nombre |
fl. 1766-1797 |
| Término indicativo de función/relación |
Impresor |
| 9 (RLIN) |
125767 |
| 752 ## - ENTRADA AGREGADA--NOMBRE JERÁRQUICO DEL LUGAR |
| País o entidad superior |
España - |
| Ciudad |
Madrid |
| 852 4# - LOCALIZACIÓN |
| Ubicación |
ES-MaACL |
| Ubicación en estantería |
Depósito |
| Signatura antigua |
Olim: G-2562-68 |
| Número de control de estantería |
R-822-28 |
| Encuadernación |
Pasta española |
| 856 4# - LOCALIZACIÓN Y ACCESO ELECTRÓNICOS |
| Identificador Uniforme de Recursos |
<a href="https://bdh-rd.bne.es/viewer.vm?id=0000175780&page=1">https://bdh-rd.bne.es/viewer.vm?id=0000175780&page=1</a> |
| Texto de enlace |
Versión en línea |
| Nota pública |
(Biblioteca Digital Hispánica) |
| 942 ## - ELEMENTOS DE ENTRADA SECUNDARIOS (KOHA) |
| Tipo de ítem Koha |
Libro impreso antiguo |
| Suprimir en OPAC |
No |